Hands on the past : pioneer archaeologists tell their own story /

محفوظ في:

المؤلف الرئيسي: Ceram, C. W., 1915-1972 (مؤلف)

التنسيق: كتاب

اللغة: English

منشور في: New York : Knopf, 1966.

الطبعة: [1st American ed.]

الموضوعات:

الوسوم: إضافة وسم

لا توجد وسوم, كن أول من يضع وسما على هذه التسجيلة!

رقم الطلب: CC65 .M3 1966a

LEADER 00760nam a22002411 4500
001 3591
003 OSt
005 20251022073354.0
008 130303s1966 nyua b 000 0 eng d
010 |a 66019372 
040 |c ARCE Library 
050 4 |a CC65 .M3 1966a 
100 1 |a Ceram, C. W.,  |d 1915-1972,  |e author  |9 27859 
245 1 0 |a Hands on the past :   |b pioneer archaeologists tell their own story /   |c edited by C. W. Ceram. 
250 |a [1st American ed.] 
264 1 |a New York :   |b Knopf,   |c 1966. 
300 |a 434 pages :  |b illustrations ;  |c 25 cm. 
500 |a London ed. (Thames & Hudson) has title : The world of archaeology. 
504 |a Bibliography : pages [421]-425. 
650 0 |a Archaeology. 
901 |a reviewed 
942 |c BK  |2 lcc 
999 |c 8158  |d 8158